Sports Quiz

Random Sports or NBA Quiz

NBA Most Points in a Single Playoffs Quiz Stats

Quiz Updated Jun 20, 2016

Challenge
Share
Tweet
Embed
Score 0/62 Timer 06:00
12 Plays Today
Year Players % Correct
1991-92Michael Jordan
99.5%
1997-98Michael Jordan
99.5%
1992-93Michael Jordan
99.5%
1996-97Michael Jordan
99.5%
1988-89Michael Jordan
99.5%
1989-90Michael Jordan
99.5%
1995-96 Michael Jordan
99.5%
1990-91Michael Jordan
99.5%
2011-12LeBron James
97.7%
2006-07LeBron James
97.6%
2013-14LeBron James
97.3%
2015-16LeBron James
97.2%
2014-15LeBron James
97.1%
2016-17LeBron James
96.9%
2008-09Kobe Bryant
96.3%
2009-10Kobe Bryant
96.3%
2003-04Kobe Bryant
96.3%
2001-02Kobe Bryant
96.3%
2007-08Kobe Bryant
96.3%
1999-00Shaquille O'Neal
92.9%
2001-01Shaquille O'Neal
92.9%
1994-95Shaquille O'Neal
92.9%
1983-84Larry Bird
88.7%
1986-87Larry Bird
88.7%
1984-85Larry Bird
88.7%
2002-03 Tim Duncan
88.4%
2004-05 Tim Duncan
88.4%
2005-06Dwyane Wade
88.3%
2010-11Dwyane Wade
88.3%
2011-12Dwyane Wade
87.9%
2014-15Stephen Curry
87.4%
Year Players % Correct
2015-16Kevin Durant
83.6%
2000-01Allen Iverson
82.5%
2013-14Kevin Durant
82.1%
1994-95Hakeem Olajuwon
81.3%
1993-94Hakeem Olajuwon
81.3%
1985-86Hakeem Olajuwon
81.3%
1997-98Karl Malone
81.1%
1996-97Karl Malone
81.1%
1980-81Moses Malone
80.6%
2011-12Kevin Durant
80%
2005-06Dirk Nowitzki
78.9%
2010-11Dirk Nowitzki
78.9%
1973-74Kareem Abdul-Jabbar
76.7%
1983-84Kareem Abdul-Jabbar
76.7%
1969-70Jerry West
76%
1968-69Jerry West
76%
2015-16Klay Thompson
74.7%
2007-08Paul Pierce
71.8%
2007-08Kevin Garnett
70.3%
2015-16Kyrie Irving
69%
1992-93Charles Barkley
68.8%
1993-94Patrick Ewing
65.9%
1987-88Isiah Thomas
63.6%
2013-14Russell Westbrook
61.7%
1991-92Clyde Drexler
58.6%
1987-88James Worthy
51.7%
1999-00Reggie Miller
51.6%
1976-77Julius Erving
49.6%
2004-05Richard Hamilton
46%
1961-62Elgin Baylor
42.5%
1966-67Rick Barry
25.5%

You're not logged in!

Compare scores with friends on all Sporcle quizzes.
Join for Free
OR
Log In

You Might Also Like...

Show Comments

Extras

Top Quizzes Today


Score Distribution

Your Account Isn't Verified!

In order to create a playlist on Sporcle, you need to verify the email address you used during registration. Go to your Sporcle Settings to finish the process.

Report this User

Report this user for behavior that violates our Community Guidelines.

Details: